| 000 | 00549nam a22002297a 4500 | ||
|---|---|---|---|
| 003 | BR-BrBNA | ||
| 005 | 20231215111858.0 | ||
| 008 | 231215b bl.||||| |||| 00| 0 por d | ||
| 020 | _a9788542213287 | ||
| 040 |
_aBR-BrBNA _bpor |
||
| 041 | _apor | ||
| 072 | _aB59 | ||
| 100 | _aCezar, Marcelo | ||
| 245 | _aAcerto de contas / | ||
| 260 |
_aSão Paulo: _bPlaneta do Brasil, _c2018. |
||
| 300 | _a327 p. | ||
| 650 | _aROMANCE | ||
| 650 | _aLITERATURA ESPIRITA | ||
| 909 |
_a12/2023 _bSarah |
||
| 942 | _cBK | ||
| 999 |
_c260046 _d260046 |
||